|
|
|
|
| LEADER |
01059nam a2200289 a 4500 |
| 001 |
14589799 |
| 008 |
120524s2008 cau b 001 0 eng d |
| 010 |
|
|
|a 2006936387
|
| 020 |
|
|
|a 9788178298610
|
| 020 |
|
|
|a 0761948910
|
| 020 |
|
|
|a 9780761948919
|
| 020 |
|
|
|a 0761948929 (pbk.)
|
| 020 |
|
|
|a 9780761948926 (pbk.)
|
| 040 |
|
|
|a UKM
|c UKM
|d BAKER
|d BWKUK
|d CtY
|d DLC
|d BD-DhAAL
|
| 082 |
0 |
4 |
|a 306.6
|2 22
|
| 100 |
1 |
|
|a Davie, Grace.
|
| 245 |
1 |
4 |
|a The sociology of religion /
|c Grace Davie.
|
| 260 |
|
|
|a Los Angeles :
|b SAGE Publications,
|c 2008.
|
| 300 |
|
|
|a xi, 283 p. ;
|c 25 cm.
|
| 490 |
1 |
|
|a BSA new horizons in sociology
|
| 504 |
|
|
|a Includes bibliographical references (p. [257]-275) and index.
|
| 541 |
1 |
|
|e 00025274
|
| 650 |
|
0 |
|a Religion and sociology.
|
| 830 |
|
0 |
|a New horizons in sociology.
|
| 852 |
1 |
|
|a Ayesha Abed Library
|j General shelf
|
| 999 |
|
|
|c 12261
|d 12261
|
| 952 |
|
|
|0 0
|1 0
|4 0
|6 306_600000000000000_DAV
|7 0
|9 20303
|a BRACUL
|b BRACUL
|c GEN
|d 2012-05-24
|e Karim International
|g 552.00
|l 2
|m 9
|o 306.6 DAV
|p 3010025274
|r 2024-05-11
|s 2024-03-20
|t 1
|w 2012-05-24
|y BK
|